[Event "Quebec op blitz"]
[Site "Montreal CAN"]
[Date "2004.07.24"]
[Round "8.2"]
[White "Bolduc, Steve"]
[Black "Kortschnoj, Viktor Lvovich"]
[Result "0-1"]
[WhiteElo "2255"]
[BlackElo "2568"]
[PlyCount "87"]
[GameId "2160767911094960"]
[EventDate "2004.07.24"]
[EventType "swiss (blitz)"]
[EventRounds "16"]
[EventCountry "CAN"]
[SourceTitle "CBM 101 Extra"]
[Source "ChessBase"]
[SourceDate "2004.09.01"]
[SourceVersion "2"]
[SourceVersionDate "2004.09.01"]
[SourceQuality "1"]

1. d4 d5 2. c4 dxc4 3. Nf3 e6 4. e3 Nf6 5. Bxc4 a6 6. O-O b5 7. Bd3 Bb7 8. Nc3 Nbd7 9. Qe2 c5 10. e4 cxd4 11. Nxd4 Bd6 12. Bg5 Qb6 13. Be3 Bc5 14. Nc2 Bxe3 15. Nxe3 O-O 16. Bc2 Rac8 17. Rac1 Ne5 18. h3 b4 19. Na4 Qb5 20. Rfe1 Qxe2 21. Rxe2 Bxe4 22. Rd1 Bxc2 23. Rxc2 g5 24. Kf1 Rxc2 25. Nxc2 Nd5 26. Rd4 a5 27. Ne3 Nxe3+ 28. fxe3 Rc8 29. Rd6 Rc1+ 30. Ke2 Rc2+ 31. Kf1 Nc4 32. Rd3 Nxb2 33. Nxb2 Rxb2 34. a3 Kg7 35. axb4 axb4 36. h4 g4 37. Rd4 h5 38. e4 Kf6 39. Rc4 Ke5 40. g3 b3 41. Rb4 Rb1+ 42. Kf2 b2 43. Kg2 f6 44. Kf2 0-1

[Event "Quebec-ch"]
[Site "Montreal CAN"]
[Date "2004.06.25"]
[Round "1"]
[White "Bachand-Fleurent, Julien"]
[Black "Bolduc, Steve"]
[Result "1-0"]
[WhiteElo "2127"]
[BlackElo "2121"]
[PlyCount "93"]
[GameId "2160767911096142"]
[EventDate "2004.06.25"]
[EventType "tourn"]
[EventRounds "9"]
[EventCountry "CAN"]
[SourceTitle "EXT 2006"]
[Source "ChessBase"]
[SourceDate "2005.11.24"]
[SourceVersion "1"]
[SourceVersionDate "2005.11.24"]
[SourceQuality "1"]

1. e4 c5 2. Nc3 Nc6 3. g3 g6 4. Bg2 Bg7 5. d3 d6 6. Be3 e5 7. Qd2 Nge7 8. Bh6 O-O 9. h4 Bxh6 10. Qxh6 f6 11. Nge2 Kh8 12. O-O Ng8 13. Qd2 Kg7 14. Nd5 Be6 15. Ne3 Qd7 16. c3 Nce7 17. d4 Rad8 18. f4 Nh6 19. d5 Bh3 20. Qd3 Bxg2 21. Kxg2 Ng4 22. b4 Nxe3+ 23. Qxe3 cxb4 24. cxb4 Rc8 25. Rac1 Qa4 26. a3 Rxc1 27. Rxc1 Rc8 28. fxe5 fxe5 29. Rxc8 Nxc8 30. Qc3 Qd7 31. Nf4 Nb6 32. Ne6+ Kg8 33. Qf3 Qf7 34. Qc3 Qd7 35. Qc1 Qb5 36. Qc7 Qd7 37. Qc2 Qc8 38. Qf2 Nd7 39. Ng5 Nf8 40. Qf7+ Kh8 41. Qf6+ Kg8 42. Qf7+ Kh8 43. Ne6 Nxe6 44. dxe6 g5 45. e7 Qc2+ 46. Qf2 Qxe4+ 47. Kh2 1-0

[Event "Quebec-ch"]
[Site "Montreal CAN"]
[Date "2004.06.25"]
[Round "1"]
[White "Khassanov, Marat"]
[Black "Berube, Richard"]
[Result "1-0"]
[WhiteElo "2350"]
[BlackElo "2331"]
[PlyCount "87"]
[GameId "2160767911096144"]
[EventDate "2004.06.25"]
[EventType "tourn"]
[EventRounds "9"]
[EventCountry "CAN"]
[SourceTitle "EXT 2006"]
[Source "ChessBase"]
[SourceDate "2005.11.24"]
[SourceVersion "1"]
[SourceVersionDate "2005.11.24"]
[SourceQuality "1"]

1. d4 Nf6 2. c4 e6 3. Nc3 Bb4 4. e3 b6 5. Nge2 Ne4 6. Qb3 Bxc3+ 7. Nxc3 Nxc3 8. Qxc3 Bb7 9. Bd3 f5 10. O-O O-O 11. b4 Qf6 12. Bd2 Nc6 13. Rae1 Ne7 14. f3 Qg6 15. a4 Rac8 16. a5 a6 17. Qb2 Rb8 18. axb6 cxb6 19. Qc2 b5 20. cxb5 axb5 21. Qc5 Nd5 22. Bxb5 Rbc8 23. Qa7 Rc2 24. Rf2 Bc6 25. Bxc6 dxc6 26. Qa4 Rc4 27. Qb3 Nb6 28. Ra1 f4 29. Ra6 fxe3 30. Bxe3 Nd5 31. Qxc4 Nxe3 32. Qc1 Nf5 33. Rxc6 Nxd4 34. Rc8 Qd3 35. Rxf8+ Kxf8 36. Kh1 e5 37. Qe1 Kf7 38. h3 Kf6 39. Qe4 Qd1+ 40. Kh2 g5 41. Ra2 Qf1 42. Ra5 Kf7 43. Qxh7+ Kf6 44. Ra6+ 1-0

[Event "Quebec-ch"]
[Site "Montreal CAN"]
[Date "2004.06.25"]
[Round "1"]
[White "Lawson, Eric"]
[Black "Voskanyan, Vahagn"]
[Result "0-1"]
[WhiteElo "2359"]
[BlackElo "2300"]
[PlyCount "83"]
[GameId "2160767911096145"]
[EventDate "2004.06.25"]
[EventType "tourn"]
[EventRounds "9"]
[EventCountry "CAN"]
[SourceTitle "EXT 2006"]
[Source "ChessBase"]
[SourceDate "2005.11.24"]
[SourceVersion "1"]
[SourceVersionDate "2005.11.24"]
[SourceQuality "1"]

1. d4 Nf6 2. Bg5 d5 3. Bxf6 exf6 4. e3 Bd6 5. c4 dxc4 6. Bxc4 O-O 7. Nc3 c5 8. Nge2 Nc6 9. O-O cxd4 10. exd4 Bg4 11. a3 Rc8 12. Ba2 Re8 13. Qd3 g6 14. h3 Bxe2 15. Nxe2 f5 16. g3 f4 17. Rad1 Qf6 18. Nc3 Rcd8 19. Nd5 Qe6 20. Rde1 Qxe1 21. Rxe1 Rxe1+ 22. Kg2 fxg3 23. fxg3 Kg7 24. Bc4 Rde8 25. Qc3 R1e4 26. Bb5 R8e6 27. Nf4 Rf6 28. Kf3 Re7 29. h4 h6 30. Bxc6 bxc6 31. Kg4 Bxf4 32. gxf4 Re4 33. Kg3 Rexf4 34. Qc5 Rf3+ 35. Kg2 Rf2+ 36. Kg1 Rxb2 37. Qe7 Rff2 38. Qc5 Rfe2 39. Kf1 Rec2 40. Qe5+ Kh7 41. Qe1 Rh2 42. Qe4 0-1

[Event "Quebec-ch"]
[Site "Montreal CAN"]
[Date "2004.06.26"]
[Round "2"]
[White "Berube, Richard"]
[Black "Bachand-Fleurent, Julien"]
[Result "1/2-1/2"]
[WhiteElo "2331"]
[BlackElo "2127"]
[PlyCount "187"]
[GameId "2160767911096147"]
[EventDate "2004.06.25"]
[EventType "tourn"]
[EventRounds "9"]
[EventCountry "CAN"]
[SourceTitle "EXT 2006"]
[Source "ChessBase"]
[SourceDate "2005.11.24"]
[SourceVersion "1"]
[SourceVersionDate "2005.11.24"]
[SourceQuality "1"]

1. e4 e6 2. d4 d5 3. Nd2 Nf6 4. e5 Nfd7 5. Bd3 c5 6. c3 Nc6 7. Ne2 Qb6 8. Nf3 cxd4 9. cxd4 f6 10. exf6 Nxf6 11. O-O Bd6 12. Nc3 O-O 13. Re1 Bd7 14. a3 Rae8 15. Bg5 Ng4 16. Bh4 Nh6 17. Bg3 Bxg3 18. hxg3 Nf5 19. Bxf5 Rxf5 20. Na4 Qc7 21. Nc5 Bc8 22. b4 Qf7 23. b5 Na5 24. Ne5 Qf8 25. Ra2 Qd6 26. g4 Rff8 27. g3 Rd8 28. Ncd3 Qb6 29. Qa4 Nc4 30. Nc5 Nxe5 31. Rxe5 a6 32. Rae2 axb5 33. Qb4 Rd6 34. Rb2 Qa7 35. Re3 b6 36. Nd3 Rc6 37. Qxb5 Bd7 38. Qb4 Rc4 39. Qxb6 Qxa3 40. Kg2 Rc3 41. Rd2 Bc8 42. Qb2 Qxb2 43. Rxb2 Ba6 44. Nc5 Bf1+ 45. Kh2 Rxe3 46. fxe3 Rf6 47. Nd7 Rh6+ 48. Kg1 Bh3 49. Rb8+ Kf7 50. Ne5+ Kf6 51. Rf8+ Kg5 52. Nf7+ Kg6 53. Nh8+ Kg5 54. Nf7+ Kg6 55. Nxh6 Kxh6 56. Kf2 Bxg4 57. Rf4 Kg5 58. e4 dxe4 59. Rxe4 h5 60. Ke3 Bf5 61. Rf4 g6 62. Rh4 Kf6 63. Rh2 Kg5 64. Kf3 Bg4+ 65. Ke4 Bf5+ 66. Kf3 Bg4+ 67. Ke3 Bf5 68. Rh4 Bb1 69. Rh1 Bf5 70. Rh4 Bb1 71. Rh1 Bf5 72. Kf2 Be4 73. Re1 Bf5 74. Rh1 Be4 75. Rc1 Bf5 76. Rc5 Kg4 77. Rc4 Kg5 78. Rb4 Bd3 79. Ke3 Bf5 80. Kf3 Bg4+ 81. Ke4 Bf5+ 82. Ke5 Bc2 83. Kxe6 Kg4 84. d5+ Kxg3 85. d6 Bf5+ 86. Ke5 h4 87. Rb3+ Kg4 88. Rb4+ Kg3 89. Rb3+ Kg4 90. Rb8 h3 91. Rh8 Kg3 92. Kf6 h2 93. Rxh2 Kxh2 94. d7 1/2-1/2

[Event "Quebec-ch"]
[Site "Montreal CAN"]
[Date "2004.06.26"]
[Round "2"]
[White "Tessier, Olivier"]
[Black "Feoktistov, Dmitri"]
[Result "1-0"]
[WhiteElo "2214"]
[BlackElo "2272"]
[PlyCount "65"]
[GameId "2160767911096150"]
[EventDate "2004.06.25"]
[EventType "tourn"]
[EventRounds "9"]
[EventCountry "CAN"]
[SourceTitle "EXT 2006"]
[Source "ChessBase"]
[SourceDate "2005.11.24"]
[SourceVersion "1"]
[SourceVersionDate "2005.11.24"]
[SourceQuality "1"]

1. e4 c6 2. d4 d5 3. exd5 cxd5 4. c4 Nf6 5. Nc3 Nc6 6. Bg5 Be6 7. a3 Qd7 8. Bxf6 gxf6 9. c5 Bg4 10. f3 Bf5 11. Bb5 O-O-O 12. Nge2 e5 13. b4 Bh6 14. Kf2 Rhe8 15. Re1 Be3+ 16. Kxe3 exd4+ 17. Kf2 dxc3 18. Nd4 c2 19. Qd2 Re5 20. a4 Qc7 21. Bxc6 bxc6 22. b5 cxb5 23. Nxf5 Rxf5 24. Qxc2 Rf4 25. axb5 Rc4 26. Qf5+ Kb8 27. c6 Qxh2 28. Re7 Qh4+ 29. Ke2 Qd4 30. Rb7+ Ka8 31. Raxa7+ Qxa7 32. Rxa7+ Kxa7 33. Qd7+ 1-0

[Event "Quebec-ch"]
[Site "Montreal CAN"]
[Date "2004.06.26"]
[Round "2"]
[White "Voskanyan, Vahagn"]
[Black "Khassanov, Marat"]
[Result "1/2-1/2"]
[WhiteElo "2300"]
[BlackElo "2350"]
[PlyCount "92"]
[GameId "2160767911096151"]
[EventDate "2004.06.25"]
[EventType "tourn"]
[EventRounds "9"]
[EventCountry "CAN"]
[SourceTitle "EXT 2006"]
[Source "ChessBase"]
[SourceDate "2005.11.24"]
[SourceVersion "1"]
[SourceVersionDate "2005.11.24"]
[SourceQuality "1"]

1. Nf3 d5 2. d4 Nf6 3. c4 c6 4. Nc3 dxc4 5. a4 e5 6. Nxe5 Be6 7. e3 Bb4 8. Nxc4 Ne4 9. Bd2 Nxd2 10. Nxd2 O-O 11. Be2 c5 12. dxc5 Nd7 13. Nde4 f5 14. Qd4 a5 15. Bc4 Bxc4 16. Qxc4+ Kh8 17. Nd6 Qe7 18. O-O Nxc5 19. Ndb5 Bxc3 20. Nxc3 Ne4 21. Nxe4 fxe4 22. Rac1 Rad8 23. Qc5 Qf6 24. Rc2 Rd3 25. h3 b6 26. Qb5 h6 27. Rc6 Rd6 28. Rxd6 Qxd6 29. Qc4 Qg6 30. Rd1 Qf5 31. Qc2 Rc8 32. Qb3 Qf6 33. Qb5 Qe6 34. Qe2 Kh7 35. Qg4 Qxg4 36. hxg4 Rc2 37. Rd4 Rxb2 38. Rxe4 Rb4 39. Rf4 g5 40. Rf7+ Kg8 41. Rb7 Rxg4 42. Rxb6 Kg7 43. Ra6 Rxa4 44. Kh2 h5 45. f3 Ra3 46. e4 g4 1/2-1/2

[Event "Quebec-ch"]
[Site "Montreal CAN"]
[Date "2004.06.27"]
[Round "3"]
[White "Bachand-Fleurent, Julien"]
[Black "Voskanyan, Vahagn"]
[Result "0-1"]
[WhiteElo "2127"]
[BlackElo "2300"]
[PlyCount "47"]
[GameId "2160767911096152"]
[EventDate "2004.06.25"]
[EventType "tourn"]
[EventRounds "9"]
[EventCountry "CAN"]
[SourceTitle "EXT 2006"]
[Source "ChessBase"]
[SourceDate "2005.11.24"]
[SourceVersion "1"]
[SourceVersionDate "2005.11.24"]
[SourceQuality "1"]

1. e4 c6 2. d4 d5 3. Nc3 dxe4 4. Nxe4 Nf6 5. Nxf6+ exf6 6. Bf4 Be7 7. c3 Bf5 8. Bd3 Bg6 9. Ne2 O-O 10. h4 Qd5 11. f3 Re8 12. Bxg6 hxg6 13. Qb3 Qd7 14. O-O-O Bd6 15. Bxd6 Qxd6 16. Qxb7 Nd7 17. Qa6 Rab8 18. Rd2 Nb6 19. c4 Qb4 20. Rc2 Na4 21. c5 Nxb2 22. a3 Qb3 23. Nc3 Re3 24. Qa5 0-1

[Event "Quebec-ch"]
[Site "Montreal CAN"]
[Date "2004.06.27"]
[Round "3"]
[White "Feoktistov, Dmitri"]
[Black "Bolduc, Steve"]
[Result "1-0"]
[WhiteElo "2272"]
[BlackElo "2121"]
[PlyCount "73"]
[GameId "2160767911096153"]
[EventDate "2004.06.25"]
[EventType "tourn"]
[EventRounds "9"]
[EventCountry "CAN"]
[SourceTitle "EXT 2006"]
[Source "ChessBase"]
[SourceDate "2005.11.24"]
[SourceVersion "1"]
[SourceVersionDate "2005.11.24"]
[SourceQuality "1"]

1. d4 Nf6 2. c4 e6 3. Nc3 Bb4 4. Nf3 c5 5. g3 cxd4 6. Nxd4 Ne4 7. Qd3 Bxc3+ 8. bxc3 Nc5 9. Qd2 b6 10. Bg2 Bb7 11. Bxb7 Nxb7 12. Ba3 Na6 13. Nf5 Qf6 14. Rd1 O-O-O 15. Nd6+ Nxd6 16. Bxd6 Nc5 17. Bxc5 bxc5 18. Qb2 Qe5 19. Rb1 Qc7 20. Qa3 Rde8 21. Rb5 Kd8 22. Rxc5 Qd6 23. Rc8+ Ke7 24. Rxe8+ Rxe8 25. Qxa7 Qc6 26. O-O Ra8 27. Qd4 f6 28. Ra1 Ra4 29. Qg4 Kf8 30. Rb1 Qc7 31. Qe4 Rxc4 32. Qxh7 Rxc3 33. Rb8+ Kf7 34. Rg8 e5 35. Qxg7+ Ke6 36. Re8+ Kf5 37. Qh7+ 1-0

[Event "Quebec-ch"]
[Site "Montreal CAN"]
[Date "2004.06.27"]
[Round "3"]
[White "Lawson, Eric"]
[Black "Tessier, Olivier"]
[Result "1-0"]
[WhiteElo "2359"]
[BlackElo "2214"]
[PlyCount "119"]
[GameId "2160767911096156"]
[EventDate "2004.06.25"]
[EventType "tourn"]
[EventRounds "9"]
[EventCountry "CAN"]
[SourceTitle "EXT 2006"]
[Source "ChessBase"]
[SourceDate "2005.11.24"]
[SourceVersion "1"]
[SourceVersionDate "2005.11.24"]
[SourceQuality "1"]

1. e4 c5 2. Nc3 Nc6 3. f4 g6 4. Nf3 Bg7 5. Bc4 e6 6. d3 Nge7 7. O-O O-O 8. Qe1 Nd4 9. Qf2 Rb8 10. Bb3 b5 11. Be3 Nxf3+ 12. Qxf3 c4 13. dxc4 bxc4 14. Bxc4 Rxb2 15. e5 Rxc2 16. Rac1 Rxc1 17. Rxc1 d5 18. exd6 Qxd6 19. Nb5 Qb4 20. Bxa7 Bb2 21. Rc2 Ba6 22. Qb3 Qe1+ 23. Bf1 Bf6 24. Bf2 Qe4 25. Rc4 Qf5 26. Ra4 Bxb5 27. Qxb5 Nd5 28. h3 Rd8 29. Rc4 e5 30. g4 Qe6 31. Rc6 Qe7 32. Bc5 Qe8 33. Bc4 exf4 34. Bf2 Nc3 35. Qb7 Be5 36. Rc5 Rb8 37. Rxe5 Qxe5 38. Qxf7+ Kh8 39. g5 Qxg5+ 40. Kh2 Qe5 41. Qe6 Qxe6 42. Bd4+ Kg8 43. Bxe6+ Kf8 44. Bxc3 Re8 45. Bd5 Re2+ 46. Kg1 Ke7 47. a4 Kd6 48. Bf3 Ra2 49. a5 Kc5 50. Bb7 f3 51. Be1 Kd4 52. Bf2+ Kd3 53. Bb6 Ke2 54. Ba6+ Ke1 55. Bf1 Rd2 56. a6 Ra2 57. a7 g5 58. Bc4 g4 59. Bxa2 g3 60. Bc4 1-0

[Event "Quebec-ch"]
[Site "Montreal CAN"]
[Date "2004.06.28"]
[Round "4"]
[White "Berube, Richard"]
[Black "Feoktistov, Dmitri"]
[Result "1-0"]
[WhiteElo "2331"]
[BlackElo "2272"]
[PlyCount "75"]
[GameId "2160767911096157"]
[EventDate "2004.06.25"]
[EventType "tourn"]
[EventRounds "9"]
[EventCountry "CAN"]
[SourceTitle "EXT 2006"]
[Source "ChessBase"]
[SourceDate "2005.11.24"]
[SourceVersion "1"]
[SourceVersionDate "2005.11.24"]
[SourceQuality "1"]

1. e4 c6 2. d4 d5 3. Nc3 dxe4 4. Nxe4 Bf5 5. Ng3 Bg6 6. h4 h6 7. Nf3 Nd7 8. h5 Bh7 9. Bd3 Bxd3 10. Qxd3 Qc7 11. Bd2 Ngf6 12. O-O-O e6 13. Ne4 O-O-O 14. g3 Nc5 15. Nxc5 Bxc5 16. Bf4 Bd6 17. Bd2 Kb8 18. Qe2 Ka8 19. c4 c5 20. Bc3 Rc8 21. Kb1 Rhd8 22. d5 Qe7 23. dxe6 fxe6 24. Ne5 Bxe5 25. Bxe5 Rd7 26. Rxd7 Nxd7 27. Bc3 Re8 28. Rd1 Nf6 29. Qe5 Qf8 30. a3 Qe7 31. Ka2 Rc8 32. f3 a6 33. g4 Rc6 34. g5 hxg5 35. h6 gxh6 36. Qxf6 Qh7 37. Qd8+ Ka7 38. Be5 1-0

[Event "Quebec-ch"]
[Site "Montreal CAN"]
[Date "2004.06.28"]
[Round "4"]
[White "Lawson, Eric"]
[Black "Khassanov, Marat"]
[Result "1-0"]
[WhiteElo "2359"]
[BlackElo "2350"]
[PlyCount "117"]
[GameId "2160767911096158"]
[EventDate "2004.06.25"]
[EventType "tourn"]
[EventRounds "9"]
[EventCountry "CAN"]
[SourceTitle "EXT 2006"]
[Source "ChessBase"]
[SourceDate "2005.11.24"]
[SourceVersion "1"]
[SourceVersionDate "2005.11.24"]
[SourceQuality "1"]

1. e4 e5 2. Nc3 Nc6 3. g3 g6 4. Bg2 Bg7 5. d3 d6 6. Be3 Nf6 7. h3 Be6 8. Nd5 Bxd5 9. exd5 Ne7 10. c4 Nf5 11. Bd2 O-O 12. Ne2 a5 13. O-O Nd7 14. Rb1 b6 15. b3 Re8 16. a3 Qe7 17. Re1 Qf8 18. b4 axb4 19. axb4 Nd4 20. Nxd4 exd4 21. Qb3 Rxe1+ 22. Rxe1 Bf6 23. Bc1 h5 24. Bb2 h4 25. gxh4 Qh6 26. Re4 Qd2 27. Bf1 Ne5 28. Kg2 Kg7 29. Bxd4 Qa2 30. Qxa2 Rxa2 31. Rf4 Be7 32. b5 f5 33. Be3 Ra3 34. d4 Nd7 35. Rf3 Ra2 36. h5 Nf8 37. hxg6 Nxg6 38. Kh2 f4 39. Bxf4 Nxf4 40. Rxf4 Rd2 41. Rf3 Rxd4 42. Ra3 Rf4 43. Kg3 Bg5 44. Ra8 Rf7 45. Be2 Bf4+ 46. Kg4 Bh6 47. Rc8 Kf6 48. f4 Re7 49. Kf3 Kg7 50. Bd3 Rf7 51. f5 Re7 52. Be4 Bd2 53. h4 Be1 54. h5 Bd2 55. Bc2 Re3+ 56. Kg4 Re7 57. Rd8 Bc1 58. c5 Ba3 59. h6+ 1-0

[Event "Quebec-ch"]
[Site "Montreal CAN"]
[Date "2004.06.29"]
[Round "5"]
[White "Bachand-Fleurent, Julien"]
[Black "Lawson, Eric"]
[Result "0-1"]
[WhiteElo "2127"]
[BlackElo "2359"]
[PlyCount "100"]
[GameId "2160767911096163"]
[EventDate "2004.06.25"]
[EventType "tourn"]
[EventRounds "9"]
[EventCountry "CAN"]
[SourceTitle "EXT 2006"]
[Source "ChessBase"]
[SourceDate "2005.11.24"]
[SourceVersion "1"]
[SourceVersionDate "2005.11.24"]
[SourceQuality "1"]

1. e4 c5 2. Nc3 Nc6 3. g3 g6 4. Bg2 Bg7 5. d3 d6 6. Be3 e5 7. Qd2 Nge7 8. Bh6 Bxh6 9. Qxh6 Nd4 10. Qd2 Qa5 11. f3 Be6 12. Nge2 h5 13. h3 h4 14. g4 g5 15. O-O f6 16. Nc1 b5 17. Rf2 Rb8 18. Nd1 Qxd2 19. Rxd2 Ng6 20. c3 Nc6 21. Ne3 Nf4 22. Ne2 b4 23. Kf2 bxc3 24. bxc3 Rh7 25. Nxf4 gxf4 26. Nd5 Kf7 27. Bf1 Kg6 28. d4 cxd4 29. cxd4 Rhb7 30. Nxf4+ exf4 31. d5 Rb2 32. Rad1 Bxd5 33. exd5 Ne5 34. Be2 a5 35. Ke1 a4 36. Rxb2 Rxb2 37. Rd4 Rxa2 38. Rxf4 Ra1+ 39. Kf2 Nd7 40. Rb4 Nc5 41. Rb8 Kg5 42. Rg8+ Kf4 43. Rf8 Ke5 44. Ke3 Ra3+ 45. Kd2 Rb3 46. Bd1 Rd3+ 47. Kc2 a3 48. Be2 Re3 49. Bd1 Rb3 50. Kc1 a2 0-1

[Event "Quebec-ch"]
[Site "Montreal CAN"]
[Date "2004.06.29"]
[Round "5"]
[White "Bolduc, Steve"]
[Black "Berube, Richard"]
[Result "1-0"]
[WhiteElo "2121"]
[BlackElo "2331"]
[PlyCount "147"]
[GameId "2160767911096164"]
[EventDate "2004.06.25"]
[EventType "tourn"]
[EventRounds "9"]
[EventCountry "CAN"]
[SourceTitle "EXT 2006"]
[Source "ChessBase"]
[SourceDate "2005.11.24"]
[SourceVersion "1"]
[SourceVersionDate "2005.11.24"]
[SourceQuality "1"]

1. d4 d5 2. Nf3 Nf6 3. c4 c6 4. e3 a6 5. Nbd2 Bf5 6. Be2 h6 7. Ne5 e6 8. O-O Bd6 9. f4 Bh7 10. Ndf3 O-O 11. c5 Bxe5 12. fxe5 Ne4 13. Bd2 Nd7 14. Be1 f6 15. exf6 gxf6 16. Nd2 Nxd2 17. Qxd2 Be4 18. Bg3 Rf7 19. Rf4 Kh7 20. Qb4 Nf8 21. Raf1 f5 22. Bh4 Qd7 23. Bh5 Rg7 24. R4f2 Ng6 25. Bf6 Rgg8 26. g3 Raf8 27. Bxg6+ Rxg6 28. Be5 Rfg8 29. Rc1 Rf8 30. Qb6 Rf7 31. Rf4 Qe7 32. Kf2 Rg4 33. Qa7 Qd8 34. Qb8 Qxb8 35. Bxb8 Rg8 36. Be5 h5 37. Ke2 Rg4 38. Rg1 Rf8 39. h3 Rxf4 40. Bxf4 Rg8 41. h4 Kg6 42. Rc1 Rg7 43. Kd2 Kf7 44. Kc3 Ke8 45. Kb4 Kd7 46. Rc3 Kc8 47. Ka5 Bg2 48. Rc1 Be4 49. Rd1 Bf3 50. Rd2 Be4 51. b4 Rg8 52. Kb6 Bf3 53. a4 Rg6 54. Be5 Be4 55. b5 cxb5 56. axb5 f4 57. c6 bxc6 58. bxa6 Kd7 59. a7 Rg8 60. Bxf4 e5 61. Bxe5 Rf8 62. Bb8 Rf1 63. Rb2 Ra1 64. Kc5 Bd3 65. Rb7+ Ke6 66. Bf4 Ra6 67. Bc7 Ra4 68. Be5 Ra6 69. Kb4 Be2 70. Bf4 Bd3 71. Kc3 Be2 72. Kb2 Bc4 73. Bc7 c5 74. Rb6+ 1-0

[Event "Quebec-ch"]
[Site "Montreal CAN"]
[Date "2004.06.29"]
[Round "5"]
[White "Feoktistov, Dmitri"]
[Black "Voskanyan, Vahagn"]
[Result "1/2-1/2"]
[WhiteElo "2272"]
[BlackElo "2300"]
[PlyCount "52"]
[GameId "2160767911096165"]
[EventDate "2004.06.25"]
[EventType "tourn"]
[EventRounds "9"]
[EventCountry "CAN"]
[SourceTitle "EXT 2006"]
[Source "ChessBase"]
[SourceDate "2005.11.24"]
[SourceVersion "1"]
[SourceVersionDate "2005.11.24"]
[SourceQuality "1"]

1. d4 Nf6 2. c4 g6 3. Nc3 d5 4. Bf4 Bg7 5. e3 c6 6. Nf3 O-O 7. h3 Qa5 8. Qb3 Nbd7 9. Ne5 Nxe5 10. Bxe5 dxc4 11. Bxc4 b5 12. Be2 Be6 13. Qa3 Qxa3 14. bxa3 Nd7 15. Bxg7 Kxg7 16. O-O Nb6 17. Ne4 Bc4 18. Bxc4 Nxc4 19. a4 e5 20. axb5 cxb5 21. Rfd1 Rfd8 22. dxe5 Nxe5 23. Rac1 a6 24. Rxd8 Rxd8 25. Rc5 Nd3 26. Rc7 Rd5 1/2-1/2

[Event "Quebec-ch"]
[Site "Montreal CAN"]
[Date "2004.06.29"]
[Round "5"]
[White "Khassanov, Marat"]
[Black "Tessier, Olivier"]
[Result "1-0"]
[WhiteElo "2350"]
[BlackElo "2214"]
[PlyCount "66"]
[GameId "2160767911096167"]
[EventDate "2004.06.25"]
[EventType "tourn"]
[EventRounds "9"]
[EventCountry "CAN"]
[SourceTitle "EXT 2006"]
[Source "ChessBase"]
[SourceDate "2005.11.24"]
[SourceVersion "1"]
[SourceVersionDate "2005.11.24"]
[SourceQuality "1"]

1. Nf3 Nf6 2. c4 c5 3. g3 g6 4. b3 Bg7 5. Bb2 O-O 6. Bg2 Nc6 7. O-O Re8 8. d4 cxd4 9. Nxd4 e5 10. Nc2 e4 11. Qd2 Ne5 12. Nc3 Neg4 13. e3 Ne5 14. Nd4 d6 15. Qc2 Bf5 16. Rad1 Qd7 17. Nxf5 gxf5 18. Nd5 Re6 19. Nf4 Nfg4 20. h3 h5 21. Nxh5 Rh6 22. Nxg7 f6 23. Nxf5 Rxh3 24. Qxe4 Rh5 25. Bxe5 Nxe5 26. g4 Rg5 27. Rxd6 Qh7 28. Qxb7 Qxb7 29. Bxb7 Rxg4+ 30. Ng3 Rb8 31. Bg2 Kg7 32. Rfd1 Rh8 33. Rd8 Rh7 1-0

[Event "Quebec-ch"]
[Site "Montreal CAN"]
[Date "2004.06.30"]
[Round "6"]
[White "Khassanov, Marat"]
[Black "Bachand-Fleurent, Julien"]
[Result "0-1"]
[WhiteElo "2350"]
[BlackElo "2127"]
[PlyCount "116"]
[GameId "2160767911096168"]
[EventDate "2004.06.25"]
[EventType "tourn"]
[EventRounds "9"]
[EventCountry "CAN"]
[SourceTitle "EXT 2006"]
[Source "ChessBase"]
[SourceDate "2005.11.24"]
[SourceVersion "1"]
[SourceVersionDate "2005.11.24"]
[SourceQuality "1"]

1. c4 c6 2. d4 d5 3. Nf3 e6 4. Qc2 Nf6 5. g3 Bd6 6. Bg2 Nbd7 7. Nbd2 O-O 8. O-O Re8 9. b3 e5 10. cxd5 cxd5 11. dxe5 Nxe5 12. Bb2 Bd7 13. Nxe5 Bxe5 14. Bxe5 Rxe5 15. Nf3 Bf5 16. Qb2 Re7 17. Nd4 Bg4 18. h3 Be6 19. Rad1 Qb6 20. e3 Rc8 21. Rc1 Rec7 22. Rxc7 Qxc7 23. Re1 a6 24. f4 Qc3 25. Qxc3 Rxc3 26. Kf2 h5 27. Ke2 g6 28. Kd2 Rc7 29. Rc1 Rxc1 30. Kxc1 Bd7 31. b4 Kf8 32. Nb3 b6 33. Nd2 Ke7 34. Kb2 Kd6 35. Kc3 Be6 36. Kd4 Bd7 37. Nb1 Ne4 38. Bxe4 dxe4 39. Nd2 Bxh3 40. Nxe4+ Ke7 41. a4 Bf5 42. Nc3 Be6 43. e4 f6 44. e5 fxe5+ 45. Kxe5 a5 46. bxa5 bxa5 47. Ne4 Bb3 48. Nc5 Bc2 49. Kd4 Kf6 50. Kc3 Bxa4 51. Nxa4 Kf5 52. Nb2 Kg4 53. Nd3 Kxg3 54. Ne5 h4 55. Nxg6 h3 56. f5 h2 57. f6 h1=Q 58. f7 Qf3+ 0-1

[Event "Quebec-ch"]
[Site "Montreal CAN"]
[Date "2004.06.30"]
[Round "6"]
[White "Tessier, Olivier"]
[Black "Berube, Richard"]
[Result "0-1"]
[WhiteElo "2214"]
[BlackElo "2331"]
[PlyCount "84"]
[GameId "2160767911096171"]
[EventDate "2004.06.25"]
[EventType "tourn"]
[EventRounds "9"]
[EventCountry "CAN"]
[SourceTitle "EXT 2006"]
[Source "ChessBase"]
[SourceDate "2005.11.24"]
[SourceVersion "1"]
[SourceVersionDate "2005.11.24"]
[SourceQuality "1"]

1. e4 c5 2. Nf3 Nc6 3. d4 cxd4 4. Nxd4 Nf6 5. Nc3 e5 6. Ndb5 d6 7. Bg5 a6 8. Na3 b5 9. Bxf6 gxf6 10. Nd5 f5 11. Bd3 Be6 12. Qh5 Rg8 13. f4 Rxg2 14. O-O-O Rc8 15. Qf3 Rg4 16. Rhe1 Nd4 17. Qe3 Bh6 18. Kb1 Bxd5 19. exd5 Rxf4 20. c3 Nf3 21. Rf1 Nh4 22. Rg1 Ng6 23. Bxf5 Rb8 24. Nc2 Qb6 25. Qh3 Rh4 26. Qg2 Bf4 27. h3 a5 28. Ne1 Be3 29. Bxg6 hxg6 30. Nf3 Rh5 31. Rgf1 b4 32. c4 b3 33. a3 Qc5 34. Qg4 a4 35. Nh4 Rg5 36. Qf3 Bf4 37. Qe4 Kf8 38. Rxf4 exf4 39. Nf3 Rf5 40. Re1 Kg7 41. Rg1 Qe3 42. Qxf5 Qxg1+ 0-1

[Event "Quebec-ch"]
[Site "Montreal CAN"]
[Date "2004.06.30"]
[Round "6"]
[White "Voskanyan, Vahagn"]
[Black "Bolduc, Steve"]
[Result "1-0"]
[WhiteElo "2300"]
[BlackElo "2121"]
[PlyCount "135"]
[GameId "2160767911096172"]
[EventDate "2004.06.25"]
[EventType "tourn"]
[EventRounds "9"]
[EventCountry "CAN"]
[SourceTitle "EXT 2006"]
[Source "ChessBase"]
[SourceDate "2005.11.24"]
[SourceVersion "1"]
[SourceVersionDate "2005.11.24"]
[SourceQuality "1"]

1. e4 c5 2. Nf3 Nc6 3. d4 cxd4 4. Nxd4 g6 5. Nc3 Bg7 6. Nb3 Nf6 7. Be2 O-O 8. Bg5 b6 9. Qd2 Bb7 10. f3 Na5 11. Rd1 d6 12. O-O Rc8 13. Nxa5 bxa5 14. Be3 Nd7 15. Nb5 a6 16. Nd4 Nc5 17. Nb3 Nxb3 18. cxb3 Qd7 19. Bb6 Qc6 20. Bd4 Bxd4+ 21. Qxd4 Qc5 22. Qxc5 Rxc5 23. Bc4 a4 24. Rd4 Rfc8 25. Rfd1 a5 26. Kf2 Kg7 27. g4 h5 28. h4 axb3 29. Bxb3 hxg4 30. fxg4 Re5 31. Re1 Rcc5 32. Re3 f6 33. Re1 Bc6 34. Bc4 Bd7 35. Rg1 Be6 36. Bxe6 Rc2+ 37. Kf3 Rxe6 38. Rg2 Rc1 39. Re2 Rh1 40. Rd5 Re5 41. Rxe5 fxe5 42. Kg3 Rg1+ 43. Rg2 Rd1 44. b3 Rd3+ 45. Kf2 Rh3 46. Ke2 Kf7 47. Kd2 Ke6 48. Kc2 Kd7 49. Kb2 Kc6 50. h5 Kd7 51. hxg6 Rh6 52. g7 Rg6 53. g5 Rxg7 54. Ka3 d5 55. exd5 Kd6 56. Ka4 Kxd5 57. Kxa5 e4 58. b4 e3 59. b5 Ke4 60. b6 Kf3 61. b7 Rg8 62. Rg1 Kf2 63. Rc1 e2 64. Kb6 Rd8 65. Ka7 Rd2 66. b8=Q Rxa2+ 67. Kb7 Rb2+ 68. Kc8 1-0